| 000 | 00959cam a22003017a 4500 | ||
|---|---|---|---|
| 003 | CHAP | ||
| 005 | 20220329132912.0 | ||
| 008 | 971010s1982 r 00010 d | ||
| 010 | _a100 | ||
| 011 | _a1072 | ||
| 035 | _a247 | ||
| 040 | _cCHAP | ||
| 090 | _aFolleto 12295 | ||
| 110 |
_aUniversity of California. Berkeley. Division of Agricultural Sciences _9116704 |
||
| 245 | 1 | 4 |
_aThe evolution of mexican migration to the United States _b: a case study |
| 260 |
_aBerkeley, Ca. : _bThe University, _c1982 |
||
| 300 | _a41 p. | ||
| 490 | 0 | _aBulletin 1902 | |
| 590 |
_aBATCH-UPD _b10 _c20130110 _lUCH01 _h1942 |
||
| 590 |
_aBATCH-UPD _b10 _c20130410 _lUCH01 _h1305 |
||
| 590 |
_aBATCH-UPD _b10 _c20130914 _lUCH01 _h1259 |
||
| 590 |
_aCONVERSION _b10 _c20130109 _lUCH01 _h1302 |
||
| 650 | 1 | 4 |
_aEmigración e inmigración. _936517 |
| 830 | 0 |
_aBulletin 1902 _916040 |
|
| 901 | _aBK | ||
| 942 | _cFOLL | ||
| 949 |
_aFolleto 12295 _bBC _cFOLL _d-9688 _eTS1 _i247 _si _t51.94 |
||
| 999 |
_c100 _d100 |
||